Statistiques concernant Tour de France 2019-Classement général

Cliquez ici pour prendre le quiz!

Statistiques générales

  • Ce quiz a été pris 616 fois
  • Le résultat moyen est 16 sur 25

Statistiques - réponses

RangPaysEquipeCoureurTemps% Correct
1ColombieIneosEgan Bernal82 h 57 min 00 s
99%
2Royaume-UniIneosGeraint Thomas+1 min 11 s
97%
5FranceDeceuninck-Quick-StepJulian Alaphilippe+4 min 05 s
89%
10FranceArkéa-SamsicWarren Barguil+7 min 32 s
84%
8ColombieMovistarNairo Quintana+5 min 30 s
82%
15FranceAG2R La MondialeRomain Bardet+30 min 23 s
80%
13FranceGroupama-FDJDavid Gaudu+23 min 58 s
79%
7ColombieEF Education FirstRigoberto Uran+5 min 15 s
79%
9EspagneMovistarAlejandro Valverde+6 min 12 s
78%
4AllemagneBora-HansgroheEmanuel Buchmann+1 min 56 s
71%
6EspagneMovistarMikel Landa+4 min 23 s
70%
12FranceWanty-GobertGuillaume Martin+22 min 08 s
68%
11AustralieTrek-SegafredoRichie Porte+12 min 42 s
65%
18IrlandeUAE Team EmiratesDaniel Martin+45 min 21 s
64%
3Pays-BasJumbo-VismaSteven Kruijswijk+1 min 31 s
59%
22EspagneDeceuninck-Quick-StepEnric Mas+58 min 20 s
58%
19KazakhstanAstanaAlexey Lutsenko+48 min 52 s
57%
24Nouvelle-ZélandeJumbo-VismaGeorge Bennett+1 h 04 min 40 s
51%
17SuisseGroupama-FDJSébastien Reichenbach+44 min 29 s
51%
14ItalieUAE Team EmiratesFabio Aru+27 min 36 s
50%
20EspagneCofidisJesus Herrada+51 min 57 s
45%
16République TchèqueDimension DataRoman Kreuziger+36 min 09 s
40%
23BelgiqueJumbo-VismaLaurens De Plus+1 h 02 min 44 s
27%
21BelgiqueWanty-GobertXandro Meurisse+56 min 47 s
23%
25AutricheBora-HansgroheGregor Muhlberger+1 h 04 min 40 s
18%

Distribution des résultats

Percentile par nombre de réponses

% des personnes avec chaque résultat

Votre développement - résultats

Vous n’avez pas pris ce quiz